Transitional justice in Twenty -First centur (Record no. 7754)

MARC details
000 -LEADER
fixed length control field 00533nam a22001937a 4500
003 - CONTROL NUMBER IDENTIFIER
control field OSt
005 - DATE AND TIME OF LATEST TRANSACTION
control field 20220301120019.0
008 - FIXED-LENGTH DATA ELEMENTS--GENERAL INFORMATION
fixed length control field 220301b ||||| |||| 00| 0 eng d
020 ## - INTERNATIONAL STANDARD BOOK NUMBER
International Standard Book Number 0521-86010-5
040 ## - CATALOGING SOURCE
Transcribing agency DDC
082 ## - DEWEY DECIMAL CLASSIFICATION NUMBER
Classification number 340.11 TRA 2006
100 ## - MAIN ENTRY--PERSONAL NAME
Personal name Naomi, Roht Arriaza
9 (RLIN) 15811
245 ## - TITLE STATEMENT
Title Transitional justice in Twenty -First centur
260 ## - PUBLICATION, DISTRIBUTION, ETC. (IMPRINT)
Place of publication, distribution, etc. United Kingdom
Name of publisher, distributor, etc. : Cambridge University press
Date of publication, distribution, etc. ,C 2006
300 ## - PHYSICAL DESCRIPTION
Extent xi, 346p.
Dimensions ; 24 cm
504 ## - BIBLIOGRAPHY, ETC. NOTE
Bibliography, etc Index
650 ## - SUBJECT ADDED ENTRY--TOPICAL TERM
Topical term or geographic name as entry element Transitional justice
9 (RLIN) 15812
942 ## - ADDED ENTRY ELEMENTS (KOHA)
Source of classification or shelving scheme Dewey Decimal Classification
Koha item type Book
Holdings
Withdrawn status Lost status Source of classification or shelving scheme Damaged status Not for loan Home library Current library Date acquired Source of acquisition Total Checkouts Full call number Barcode Date last seen Price effective from Koha item type
    Dewey Decimal Classification     Faculty of Interdisciplinary Studies Library Faculty of Interdisciplinary Studies Library 01/03/2022 Purchase   340.11 TRA 2006 2022-0329 01/03/2022 01/03/2022 Book